zpět

Detail výsledku týmu

Sportcentrum, Vysoké Mýto

Datum a čas kvízu

26.5 Celkem bodů Celkový počet nahraných bodů na tomto kvízu bez doplňovacích otázek.
4. Pořadí na kvízu Konečné umístění týmu na tomto kvízu.

Zaznamenané odpovědi

# Otázka Odpověď Body Výsledky
1. Jak se jmenuje pirátský poslan... Jakub Michálek 0
2. Co by chtěl podle svých slov z... národní menu 0
3. Jedna hvězda akčních filmů zav... Jean-Claude Van Damme 0
4. Ostravský rodák Karel Orlita,... exorcistů (vymítačů ďábla). 0
5. V Mexiku se konal vrchol tenis... Iga Świątek, Jessica Pegula 0
6. Fiktivní věda může být ta, kte... warp 1
7. Od konce 19. století už je pře... éter 0
8. Někdy se stává, že z těžko pře... Jules Verne 1
9. V seriálu Simpsonovi, konkrétn... frenologie 0
10. Nemůžeme opomenout Járu Cimrma... dvoudílné plavky 0